Business studies Grade 12 CAPS 3-in-1 handbook and study guide / (Record no. 775418)

MARC details
000 -LEADER
fixed length control field 00946nam a22002417b 4500
003 - CONTROL NUMBER IDENTIFIER
control field 3228
005 - DATE AND TIME OF LATEST TRANSACTION
control field 20250423124150.0
008 - FIXED-LENGTH DATA ELEMENTS--GENERAL INFORMATION
fixed length control field 250423b sa ||||| |||| 00| 0 eng d
020 ## - INTERNATIONAL STANDARD BOOK NUMBER
International Standard Book Number <a href="9781920568801">9781920568801</a>
Qualifying information (pbk)
040 ## - CATALOGING SOURCE
Original cataloging agency RDA
Transcribing agency 3228
041 ## - LANGUAGE CODE
Language English
Language code of text/sound track or separate title English
942 ## - ADDED ENTRY ELEMENTS
Creator ID 395
Creator Name Kholofelo Moabelo
Modifier ID 395
Modifier Name Kholofelo Moabelo
100 ## - MAIN ENTRY--PERSONAL NAME
Personal name van Rensburg, L
245 ## - TITLE STATEMENT
Title Business studies Grade 12 CAPS 3-in-1 handbook and study guide /
Statement of responsibility, etc. L. van Rensburg
260 ## - PUBLICATION, DISTRIBUTION, ETC.
Place of publication, distribution, etc. Claremont, Cape Town ;
Name of publisher, distributor, etc. The answer series,
Date of publication, distribution, etc. 2020.
300 ## - PHYSICAL DESCRIPTION
Extent x, 239 pages :
Other physical details illustrations ;
Accompanying material 30 cm.
490 ## - SERIES STATEMENT
Series statement The answer series
500 ## - GENERAL NOTE
General note "Notes per term, questions & answers, exam papers & memos."
650 ## - SUBJECT ADDED ENTRY--TOPICAL TERM
Source of heading or term Examinations
Form subdivision Business studies
-- Business education
General subdivision Problems and exercises
-- Textbooks
-- Possible examination questions
9 (RLIN) 193229
700 ## - ADDED ENTRY--PERSONAL NAME
Personal name L. van Rensburg
Relator term Author
9 (RLIN) 143396
700 ## - ADDED ENTRY--PERSONAL NAME
Personal name Olivia Rumble
Relator term Creations
9 (RLIN) 193218
700 ## - ADDED ENTRY--PERSONAL NAME
Personal name Bettie Nel
Relator term Contribution
9 (RLIN) 193230
942 ## - ADDED ENTRY ELEMENTS
Source of classification or shelving scheme Dewey Decimal Classification
item type Book
Holdings
Withdrawn status Lost status Source of classification or shelving scheme Damaged status Not for loan Collection code Home library Current library Shelving location Date acquired Cost, normal purchase price Total Checkouts Full call number Barcode Date last seen Cost, replacement price Price effective from item type
    Dewey Decimal Classification     600: Technology & Applied Science Stanwest Public Library Stanwest Public Library Reference 23.04.2025 289.00   ST R 658.076 RENS 33228031154140 23.04.2025 289.00 23.04.2025 Book